000 01181nam a2200337 i 4500
001 000008151
003 DO-SdBNP
005 20240925175151.0
008 240820s2024 dr ac 001 0 spa d
020 _a9789945186109
040 _aDO-SdBNP
_bspa
_cBNPHU
_drda
041 _hspa
082 4 _a634.98
_bG643d, 2024
_222
100 1 _aGonzález, Geraldino,
_d1957-
_920628
245 1 3 _aLa deforestación en la República Dominicana ; Niñez desvalida en República Dominicana /
_cGeraldino González.
250 _a2da. edición
264 _aSanto Domingo :
_bNuevo Diario,
_c2024
300 _a91 páginas. :
_bilustraciones retratos ;
_c21 cm.
336 _2rdacontent
_atexto
_btxt
337 _2rdamedia
_asin mediación
_bn
338 _2rdacarrier
_avolumen
_bnc
490 1 _aOrfeo, Biblioteca Nacional, 1986
500 _aIncluye datos biográficos en la contracubierta
504 _aIncluye bibliografía [p. 85]
590 _aInventariado, 2024/DG
650 4 _aDeforestación
_xRepública Dominicana
_922128
650 4 _aNiños
_xAsistencia social
_zRepública Dominicana
_922129
650 4 _aProblemas sociales
_99290
910 _aDG
942 _2ddc
_cLBS1
999 _c57494
_d57494